Marketingová panoráma odborný časopis Slovenskej marketingovej spoločnosti

Guardado en:
Detalles Bibliográficos
Formato: Seriadas
Lenguaje:eslovaco
Publicado: Bratislava Slovenská marketingová spoločnosť
Materias:
Etiquetas: Agregar Etiqueta
Sin Etiquetas, Sea el primero en etiquetar este registro!

MARC

LEADER 00000nas1a2200000 4500
001 s125043
005 20230907085332.4
022 |a 1336-1864 
041 0 |a slo 
044 |a SK 
245 1 0 |a Marketingová panoráma  |b odborný časopis Slovenskej marketingovej spoločnosti 
264 1 |a Bratislava  |b Slovenská marketingová spoločnosť 
610 2 0 |a marketing 
610 2 0 |a stratégia marketingová 
610 2 0 |a Slovenská marketingová spoločnosť